hunterxhunter victimes de la brigade fantôme - Statistiques

Statistiques générales
  • Ce quiz a été pris 76 fois
    63 depuis la dernière actualisation
  • Le résultat moyen est 6 sur 19
Statistiques - réponses
Assassin Victimes % Correct
Uvoguine Ver
58%
Feitan Zazan
58%
Uvoguine Chien
56%
Uvoguine Sangsue
52%
Uvoguine Porc-épic
44%
Kuroro Hisoka
42%
Feitan Chouette
35%
Hisoka Kastro
35%
Hisoka Goto
33%
Shizuku Vezze
31%
Nobunaga Sukuwara
25%
Phinks Darzolne
23%
Shizuku Paiku
21%
Shizuku Iwalenkov
19%
Franklin Saccimonno
19%
Hisoka Geretta
17%
Sharnalk Peru
17%
Hisoka Cherry
15%
Hisoka Agon
8%
Aucun quiz correspondant
Distribution des résultats
% des personnes avec chaque résultat
Percentile par nombre de réponses
Votre historique - résultats
Vous n’avez pas pris ce quiz depuis la dernière actualisation